[Event "De los Reyes op 21st"]
[Site "De los Reyes"]
[Date "2019.12.02"]
[Round "3"]
[White "Aziz Ortego, Omar Luis"]
[Black "Iagar, Razvan Gabriel"]
[Result "1/2-1/2"]
[WhiteElo "1990"]
[BlackElo "2170"]
[PlyCount "146"]
[EventDate "2019.11.30"]
[EventType "swiss"]
[EventRounds "9"]
[EventCountry "ESP"]
[SourceTitle "CBM 193 Extra"]
[Source "ChessBase"]
[SourceDate "2020.01.31"]
[SourceVersion "1"]
[SourceVersionDate "2020.01.31"]
[SourceQuality "1"]

1. e4 e6 2. d4 d5 3. Bd3 dxe4 4. Bxe4 Nf6 5. Bd3 c5 6. dxc5 Bxc5 7. Nf3 Nbd7 8. 0-0 b6 9. Nc3 Bb7 10. Bf4 a6 11. Qe2 0-0 12. Rad1 b5 13. Ne5 Nd5 14. Bg3 Nxe5 15. Qxe5 Qf6 16. Ne4 Qxe5 17. Bxe5 Bb6 18. Nd6 Bc6 19. c4 bxc4 20. Nxc4 Bc5 21. Bd6 Bxd6 22. Nxd6 Rfd8 23. Ne4 Nf4 24. Bb1 Kf8 25. f3 Bb5 26. Rfe1 h6 27. Nc3 Bc6 28. Kf2 Rab8 29. Rxd8+ Rxd8 30. Rd1 Rb8 31. Rd2 Ke7 32. Ke3 Nd5+ 33. Nxd5+ Bxd5 34. b3 a5 35. Be4 Bxe4 36. Kxe4 Rb4+ 37. Rd4 Rb5 38. Kd3 g5 39. Kc4 Re5 40. Rd2 h5 41. b4 axb4 42. Kxb4 Re1 43. a4 Rb1+ 44. Kc5 Rc1+ 45. Kb6 Rb1+ 46. Ka6 Rb3 47. a5 Rb1 48. Ka7 Rb3 49. a6 Rb1 50. Ra2 f6 51. Ra4 h4 52. h3 Rb2 53. Ka8 Kd6 54. Rd4+ Ke5 55. Ra4 Kd6 56. a7 f5 57. Rc4 Kd7 58. Rc3 Rb4 59. Rc1 Rb3 60. Rg1 Kd6 61. Rd1+ Kc7 62. Rd2 Rb4 63. Rf2 Kd6 64. Rc2 Kd7 65. Rc1 Rb3 66. Rc4 Rb2 67. f4 g4 68. Ra4 g3 69. Ra6 Rb1 70. Ra2 Rb3 71. Rd2+ Kc7 72. Re2 Kd7 73. Rxe6 Kxe6 1/2-1/2

[Event "Tres Cantos op 11th"]
[Site "Tres Cantos"]
[Date "2019.06.30"]
[Round "9"]
[White "Aziz Ortego, Omar Luis"]
[Black "Martin Arbeloa, Fernando"]
[Result "0-1"]
[WhiteElo "2058"]
[BlackElo "1920"]
[PlyCount "122"]
[EventDate "2019.06.22"]
[EventType "swiss"]
[EventRounds "9"]
[EventCountry "ESP"]
[SourceTitle "CBM 195 Extra"]
[Source "ChessBase"]
[SourceDate "2020.05.31"]
[SourceVersion "1"]
[SourceVersionDate "2020.05.31"]
[SourceQuality "1"]

1. e4 c5 2. c4 Nc6 3. Ne2 Nf6 4. Nbc3 e6 5. d4 cxd4 6. Nxd4 Bc5 7. Nb3 Bb4 8. f3 d5 9. Bd2 dxe4 10. fxe4 0-0 11. Qf3 Nd4 12. Qd3 Nxb3 13. axb3 Qxd3 14. Bxd3 Rd8 15. Bc2 h6 16. Rf1 Ng4 17. Bf4 g5 18. Bd2 Bd7 19. h3 Ne5 20. h4 Be7 21. hxg5 Bxg5 22. 0-0-0 Bc6 23. Bxg5 hxg5 24. Rh1 Kg7 25. Rh5 Rxd1+ 26. Kxd1 f6 27. Ke2 Ng6 28. g3 Nh4 29. gxh4 Be8 30. Rh7+ Kxh7 31. e5+ Kg7 32. exf6+ Kxf6 33. Ne4+ Ke5 34. Nxg5 Bh5+ 35. Ke3 b6 36. b4 Rf8 37. c5 bxc5 38. bxc5 Rc8 39. b4 Rb8 40. Bb3 Rxb4 41. Bxe6 Rxh4 42. Kd3 Ra4 43. Kc3 Be8 44. Bb3 Rf4 45. Bc4 a5 46. Ne6 Rf3+ 47. Kd2 a4 48. Nc7 Bc6 49. Bb5 Bxb5 50. Nxb5 a3 51. Kc2 Rf2+ 52. Kb1 Rb2+ 53. Ka1 Rxb5 54. c6 Kd6 55. c7 Kxc7 56. Ka2 Kc6 57. Ka1 a2 58. Kxa2 Kc5 59. Ka1 Kc4 60. Ka2 Kc3 61. Ka1 Kc2 0-1

[Event "Tres Cantos op 11th"]
[Site "Tres Cantos"]
[Date "2019.06.29"]
[Round "8"]
[White "Garcia Dorado, Alberto"]
[Black "Aziz Ortego, Omar Luis"]
[Result "1-0"]
[WhiteElo "2206"]
[BlackElo "2058"]
[PlyCount "87"]
[EventDate "2019.06.22"]
[EventType "swiss"]
[EventRounds "9"]
[EventCountry "ESP"]
[SourceTitle "CBM 195 Extra"]
[Source "ChessBase"]
[SourceDate "2020.05.31"]
[SourceVersion "1"]
[SourceVersionDate "2020.05.31"]
[SourceQuality "1"]

1. d4 Nf6 2. c4 e6 3. g3 d5 4. Nf3 c6 5. Bg2 Nbd7 6. Qc2 Ne4 7. 0-0 Be7 8. b3 0-0 9. Ba3 f5 10. Bxe7 Qxe7 11. Nbd2 b6 12. e3 Bb7 13. Ne1 Rac8 14. Nd3 c5 15. Rfc1 dxc4 16. bxc4 Qf6 17. Nf3 cxd4 18. exd4 Rc7 19. Nfe5 Nxe5 20. Nxe5 Rd8 21. Qb2 Nd6 22. Bxb7 Nxb7 23. Rc2 Qe7 24. Rd1 Na5 25. f4 Nc6 26. Qc3 Nxe5 27. fxe5 b5 28. c5 Qd7 29. Qf3 Qd5 30. Qxd5 Rxd5 31. Kf2 Kf7 32. Ke3 Ke7 33. Rb1 a6 34. a4 Rcd7 35. axb5 axb5 36. Rb4 Ra7 37. Rcb2 Ra3+ 38. R2b3 Ra1 39. Rxb5 Re1+ 40. Kf2 Rd1 41. Rb7+ Kd8 42. Rxg7 Kc8 43. Ra3 Kb8 44. c6 1-0

[Event "Tres Cantos op 11th"]
[Site "Tres Cantos"]
[Date "2019.06.27"]
[Round "6"]
[White "Gomez Rubio, Agustin"]
[Black "Aziz Ortego, Omar Luis"]
[Result "0-1"]
[WhiteElo "1837"]
[BlackElo "2058"]
[PlyCount "116"]
[EventDate "2019.06.22"]
[EventType "swiss"]
[EventRounds "9"]
[EventCountry "ESP"]
[SourceTitle "CBM 195 Extra"]
[Source "ChessBase"]
[SourceDate "2020.05.31"]
[SourceVersion "1"]
[SourceVersionDate "2020.05.31"]
[SourceQuality "1"]

1. Nf3 d6 2. e4 Nf6 3. d3 e5 4. g3 c5 5. Bg2 Nc6 6. 0-0 Be7 7. Nbd2 Be6 8. c3 h6 9. Re1 Qd7 10. Nf1 Bh3 11. Ne3 Bxg2 12. Kxg2 g6 13. a3 Bf8 14. Qc2 Rc8 15. Qe2 Bg7 16. Nc2 0-0 17. h3 d5 18. exd5 Nxd5 19. Ne3 f5 20. Bd2 Rfe8 21. Rad1 Kh7 22. Bc1 b6 23. Qd2 Rcd8 24. Qc2 Qf7 25. Re2 Nc7 26. Rde1 Rd6 27. Nc4 Rde6 28. h4 Kg8 29. Ne3 R6e7 30. Qa4 b5 31. Qc2 a6 32. b4 c4 33. dxc4 e4 34. Nh2 bxc4 35. Nef1 Ne5 36. Be3 Nd3 37. Rb1 Nb5 38. Ra1 Nxc3 39. Rd2 Rc8 40. g4 f4 41. Bc5 Rd7 42. a4 f3+ 43. Kh1 Be5 44. Ra3 Ne2 45. Be3 c3 46. Rd1 Rc4 47. b5 axb5 48. axb5 Qd5 49. g5 hxg5 50. hxg5 Rh7 51. Rda1 Qxb5 52. Ra8+ Kf7 53. R1a7+ Bc7 54. Rc8 Ke6 55. Qa2 Rxh2+ 56. Nxh2 c2 57. Ng4 Qb1+ 58. Bc1 Qxc1# 0-1

[Event "San Sebastian de los Reyes op 20th"]
[Site "San Sebastian"]
[Date "2018.12.07"]
[Round "7"]
[White "Perez Gonzalez, Jose Manuel"]
[Black "Aziz Ortego, Omar Luis"]
[Result "1/2-1/2"]
[WhiteElo "2221"]
[BlackElo "2053"]
[PlyCount "89"]
[EventDate "2018.12.01"]
[EventType "swiss"]
[EventRounds "9"]
[EventCountry "ESP"]
[SourceTitle "CBM 187 Extra"]
[Source "ChessBase"]
[SourceDate "2018.11.04"]
[SourceVersion "1"]
[SourceVersionDate "2018.11.04"]
[SourceQuality "1"]

1. e4 c5 2. Nf3 e6 3. d4 d5 4. exd5 exd5 5. Bb5+ Bd7 6. Bxd7+ Qxd7 7. 0-0 Nc6 8. Re1+ Be7 9. dxc5 0-0-0 10. Bf4 Bxc5 11. Nbd2 Nf6 12. c3 Qf5 13. Bg3 Ne4 14. Nb3 Bb6 15. Nbd4 Nxd4 16. cxd4 Nxg3 17. hxg3 Kb8 18. Re5 Qd7 19. Qe2 Qg4 20. Rg5 Qe4 21. Qd2 g6 22. Re1 f5 23. g4 fxg4 24. Rxe4 dxe4 25. Ne5 Rxd4 26. Qf4 Bc7 27. Qxg4 Re8 28. Nd7+ Ka8 29. Re5 Rd8 30. Re7 h5 31. Qe2 R4xd7 32. Rxd7 Rxd7 33. g4 Re7 34. gxh5 gxh5 35. Qxh5 a6 36. Qc5 Rd7 37. Qf5 Rd1+ 38. Kg2 Bb6 39. Qxe4 Rd2 40. Qb4 Rxf2+ 41. Kg3 Rf6 42. a4 a5 43. Qb5 Bc7+ 44. Kg2 Rf4 45. b3 1/2-1/2

[Event "San Sebastian de los Reyes op 20th"]
[Site "San Sebastian"]
[Date "2018.12.03"]
[Round "3"]
[White "Lianes Garcia, Marcos"]
[Black "Aziz Ortego, Omar Luis"]
[Result "1-0"]
[WhiteElo "2330"]
[BlackElo "2053"]
[PlyCount "129"]
[EventDate "2018.12.01"]
[EventType "swiss"]
[EventRounds "9"]
[EventCountry "ESP"]
[SourceTitle "CBM 187 Extra"]
[Source "ChessBase"]
[SourceDate "2018.11.04"]
[SourceVersion "1"]
[SourceVersionDate "2018.11.04"]
[SourceQuality "1"]

1. d4 e6 2. c4 d5 3. Nc3 Nf6 4. cxd5 exd5 5. Bg5 Be7 6. e3 h6 7. Bh4 0-0 8. Qc2 Nc6 9. a3 Be6 10. Bd3 Rc8 11. Nge2 Nd7 12. Bg3 Nb6 13. 0-0 Na5 14. Nf4 Nac4 15. Nxe6 fxe6 16. Ne2 c5 17. Nf4 Rxf4 18. Bxf4 cxd4 19. exd4 Ne3 20. Qe2 Nxf1 21. Qxe6+ Kh8 22. Rxf1 Bf6 23. Qf5 Qg8 24. Bxh6 gxh6 25. Qxf6+ Qg7 26. Qxg7+ Kxg7 27. Rb1 Kf6 28. g3 Nd7 29. Rd1 Nf8 30. Bb1 Ke6 31. Kg2 Kd6 32. Bf5 Rc7 33. h3 Ne6 34. Bxe6 Kxe6 35. Kf3 Rc2 36. Re1+ Kd6 37. Re2 Rc4 38. Rd2 Ke6 39. Kg4 Kf6 40. h4 a5 41. Kf4 h5 42. f3 Rc1 43. Rd3 a4 44. Rd2 b5 45. g4 hxg4 46. fxg4 Rf1+ 47. Kg3 Rg1+ 48. Kf3 Rh1 49. Rf2 Ke6 50. h5 Rh3+ 51. Kf4 Rd3 52. Re2+ Kd6 53. h6 Rxd4+ 54. Kf5 Rd3 55. g5 Rh3 56. Rg2 Ke7 57. Ke5 Kf7 58. g6+ Kg8 59. Rc2 Re3+ 60. Kxd5 Re8 61. Rh2 Kh8 62. h7 Re7 63. Kc5 Rb7 64. Kb4 Rg7 65. Rg2 1-0

[Event "Collado Villalba op-A 35th"]
[Site "Collado Villalba"]
[Date "2018.08.30"]
[Round "7"]
[White "Reyes Penas, Sebastian"]
[Black "Aziz Ortego, Omar Luis"]
[Result "1-0"]
[WhiteElo "2103"]
[BlackElo "2024"]
[PlyCount "135"]
[EventDate "2018.08.24"]
[EventType "swiss"]
[EventRounds "9"]
[EventCountry "ESP"]
[SourceTitle "CBM 186 Extra"]
[Source "ChessBase"]
[SourceDate "2018.08.24"]
[SourceVersion "1"]
[SourceVersionDate "2018.08.24"]
[SourceQuality "1"]

1. e4 e6 2. d4 d5 3. Nc3 Bb4 4. Nge2 dxe4 5. a3 Be7 6. Nxe4 Nf6 7. N2g3 Nc6 8. c3 e5 9. Nxf6+ Bxf6 10. d5 Ne7 11. Bc4 Nf5 12. Nxf5 Bxf5 13. Qa4+ Bd7 14. Qb3 Rb8 15. Be3 b6 16. 0-0 0-0 17. Rad1 Qe7 18. Rfe1 Qd6 19. Bf1 g6 20. c4 Bg7 21. Qc2 c5 22. Bd3 f5 23. f3 Rbc8 24. Rb1 Rce8 25. b4 e4 26. fxe4 fxe4 27. Bxe4 cxb4 28. axb4 Rxe4 29. Qxe4 Bf5 30. Qh4 Bxb1 31. Rxb1 Bc3 32. b5 Qe5 33. Bh6 Bd4+ 34. Kh1 Bf2 35. Qg4 Re8 36. Rf1 Bc5 37. Qd7 Qe7 38. Qg4 Qe2 39. Qf4 Qe7 40. Bg5 Qd7 41. Bh6 Qe7 42. Qf3 Bd6 43. Bg5 Qd7 44. Bh6 Qe7 45. Qf2 Bc5 46. Qf3 Bd6 47. Qc3 Qe5 48. Qxe5 Rxe5 49. g3 Re4 50. Rf6 Bc5 51. Rf4 Re2 52. Rf3 Re4 53. Rc3 Kf7 54. Rf3+ Ke8 55. Rc3 Kd7 56. Rc2 Kc8 57. Kg2 Kb7 58. Kf3 Rd4 59. Bg7 Rd1 60. Kf4 Kc8 61. Kg5 Rf1 62. Kh6 Rf7 63. Re2 Ba3 64. Kxh7 g5 65. Kg6 Rc7 66. Re8+ Kd7 67. Re4 Rc8 68. Kxg5 1-0

[Event "Collado Villalba op-A 35th"]
[Site "Collado Villalba"]
[Date "2018.08.29"]
[Round "6"]
[White "Aziz Ortego, Omar Luis"]
[Black "Baeza Escudero, Javier"]
[Result "1-0"]
[WhiteElo "2024"]
[BlackElo "1941"]
[PlyCount "111"]
[EventDate "2018.08.24"]
[EventType "swiss"]
[EventRounds "9"]
[EventCountry "ESP"]
[SourceTitle "CBM 186 Extra"]
[Source "ChessBase"]
[SourceDate "2018.08.24"]
[SourceVersion "1"]
[SourceVersionDate "2018.08.24"]
[SourceQuality "1"]

1. e4 e6 2. c4 d5 3. exd5 exd5 4. d4 Nf6 5. Nf3 Bb4+ 6. Nc3 0-0 7. Be2 dxc4 8. Bxc4 Re8+ 9. Be3 Be6 10. Be2 Nd5 11. Bd2 Nd7 12. 0-0 N7f6 13. Bd3 Be7 14. a3 Bg4 15. h3 Bh5 16. Rc1 Bg6 17. Bc4 h6 18. Ne5 Bh7 19. Qf3 c6 20. Rfd1 Rf8 21. Be1 Nxc3 22. Rxc3 Be4 23. Qe2 Bd5 24. Bd3 Re8 25. Bb1 Bd6 26. Re3 Qc7 27. Bc3 Rad8 28. b4 Be6 29. Re1 Nd5 30. Qc2 Nf6 31. f4 a5 32. bxa5 c5 33. d5 Bxd5 34. Rg3 b5 35. Rd1 Be4 36. Qb2 Bxb1 37. Qxb1 b4 38. axb4 cxb4 39. Bb2 Qxa5 40. Kh2 Qc5 41. Qf5 Be7 42. Rc1 Qd5 43. Ng4 Nxg4+ 44. Qxg4 g6 45. f5 Bd6 46. fxg6 f5 47. Qh5 Bxg3+ 48. Kxg3 f4+ 49. Kh4 Qxg2 50. Qf5 Qg5+ 51. Qxg5 hxg5+ 52. Kxg5 f3 53. Rc7 Re2 54. Bf6 f2 55. Rh7 Re5+ 56. Kh6 1-0

[Event "Collado Villalba 64 op 6th"]
[Site "Collado Villalba"]
[Date "2018.07.10"]
[Round "4"]
[White "Aziz Ortego, Omar Luis"]
[Black "Martinez Ayesa, Aitor"]
[Result "1-0"]
[WhiteElo "2059"]
[BlackElo "1990"]
[PlyCount "101"]
[EventDate "2018.07.08"]
[EventType "swiss"]
[EventRounds "7"]
[EventCountry "ESP"]
[SourceTitle "EXT 2019"]
[Source "ChessBase"]
[SourceDate "2018.10.10"]
[SourceVersion "1"]
[SourceVersionDate "2018.10.10"]
[SourceQuality "1"]

1. e4 c5 2. c4 Nc6 3. Ne2 e5 4. Nbc3 g6 5. d3 Bg7 6. Nd5 h6 7. Nec3 Nge7 8. Nb5 0-0 9. Nd6 Nxd5 10. cxd5 Nd4 11. Be2 Qe7 12. Nxc8 Raxc8 13. 0-0 f5 14. f3 d6 15. Be3 f4 16. Bf2 Qd7 17. Qd2 Qb5 18. Rfc1 Bf6 19. Rc4 Qa6 20. Bxd4 b5 21. Rc2 cxd4 22. Rac1 Rxc2 23. Qxc2 Qxa2 24. Kf1 Bd8 25. Qc8 Qxb2 26. g3 fxg3 27. hxg3 Qd2 28. Qe6+ Kg7 29. Ra1 Rf7 30. Qxd6 Bf6 31. Qc6 Qc3 32. Ra6 b4 33. Qa4 Qc1+ 34. Bd1 Be7 35. d6 Rxf3+ 36. Kg2 Rxd3 37. dxe7 Qd2+ 38. Kh3 Qg5 39. Bg4 Rxg3+ 40. Kxg3 Qf4+ 41. Kh3 Qe3+ 42. Kg2 Qd2+ 43. Kf1 Qf4+ 44. Ke1 Qg3+ 45. Ke2 Qe3+ 46. Kd1 Qd3+ 47. Kc1 Qe3+ 48. Kb1 b3 49. Rxg6+ Kh7 50. Rc6 Qxe4+ 51. Kb2 1-0

[Event "Tres Cantos op 10th"]
[Site "Tres Cantos"]
[Date "2018.06.24"]
[Round "4.15"]
[White "Marin Aso, Jose Luis"]
[Black "Aziz Ortego, Omar Luis"]
[Result "1-0"]
[WhiteElo "1865"]
[BlackElo "2059"]
[PlyCount "61"]
[EventDate "2018.06.21"]
[EventType "swiss"]
[EventRounds "9"]
[EventCountry "ESP"]
[SourceTitle "EXT 2024"]
[Source "ChessBase"]
[SourceDate "2023.10.10"]
[SourceVersion "1"]
[SourceVersionDate "2023.10.10"]
[SourceQuality "1"]

1. e4 e5 2. Nf3 Nc6 3. d4 exd4 4. Nxd4 Bc5 5. Nb3 Bb6 6. Qe2 d6 7. Nc3 Be6 8. Be3 Nf6 9. 0-0-0 0-0 10. h3 Re8 11. Kb1 Nxe4 12. Nxe4 Bxb3 13. Bg5 f6 14. Bxf6 Bxa2+ 15. Kxa2 gxf6 16. Qf3 Kg7 17. Ng3 Kh8 18. Nh5 Re5 19. Bd3 Qg8+ 20. Kb1 Rf8 21. g4 Nb4 22. b3 Ra5 23. Bf5 Nc6 24. Qc3 Qf7 25. Nf4 Rc5 26. Qg3 Re8 27. Rhe1 Ne5 28. Ne6 Ra5 29. f4 Nc6 30. Qc3 Rb5 31. Ng5 1-0

[Event "Madrid Chamartin op 6th"]
[Site "Madrid"]
[Date "2017.09.04"]
[Round "1"]
[White "Aziz Ortego, Omar Luis"]
[Black "Alameda Arellano, Cristeto"]
[Result "1-0"]
[WhiteElo "2069"]
[BlackElo "1577"]
[PlyCount "91"]
[EventDate "2017.09.04"]
[EventType "swiss"]
[EventRounds "9"]
[EventCountry "ESP"]
[SourceTitle "CBM 180 Extra"]
[Source "ChessBase"]
[SourceDate "2017.10.06"]
[SourceVersion "1"]
[SourceVersionDate "2017.10.06"]
[SourceQuality "1"]

1. e4 c6 2. d4 d5 3. e5 c5 4. c3 Nc6 5. Nf3 Bg4 6. Be2 e6 7. 0-0 Bxf3 8. Bxf3 cxd4 9. cxd4 Qb6 10. Be3 Qxb2 11. Nd2 Qb6 12. Rb1 Qc7 13. Qb3 Rb8 14. Rfc1 Qd7 15. Be2 a6 16. Qb6 Nge7 17. Rc3 Nc8 18. Qb2 Be7 19. Rb3 Na5 20. Rc3 Nc6 21. Rbc1 N8a7 22. Nb3 0-0 23. Nc5 Bxc5 24. Rxc5 b6 25. R5c3 a5 26. a3 b5 27. Rc5 b4 28. a4 Rfc8 29. Ba6 Rc7 30. Bb5 Rbc8 31. Qc2 g6 32. g4 Kg7 33. Qd2 Nxb5 34. axb5 Ne7 35. Bg5 Rxc5 36. Bf6+ Kf8 37. dxc5 Qxb5 38. Qh6+ Ke8 39. Qxh7 Rxc5 40. Re1 b3 41. Qh8+ Kd7 42. Qf8 b2 43. Bxe7 Rc8 44. Qxf7 Rc1 45. Ba3+ Kc8 46. Qxe6+ 1-0

[Event "Collado Villalba op-A 34th"]
[Site "Collado Villalba"]
[Date "2017.08.30"]
[Round "9"]
[White "Aziz Ortego, Omar Luis"]
[Black "Angelina Vela, Carlos"]
[Result "1/2-1/2"]
[WhiteElo "2069"]
[BlackElo "2098"]
[PlyCount "72"]
[EventDate "2017.08.22"]
[EventType "swiss"]
[EventRounds "9"]
[EventCountry "ESP"]
[SourceTitle "CBM 180 Extra"]
[Source "ChessBase"]
[SourceDate "2017.10.06"]
[SourceVersion "1"]
[SourceVersionDate "2017.10.06"]
[SourceQuality "1"]

1. c4 e5 2. Nc3 Nf6 3. e4 Bc5 4. Be2 0-0 5. d3 h6 6. Be3 d6 7. Bxc5 dxc5 8. Nf3 Re8 9. Nd2 Nc6 10. 0-0 Nd4 11. Nb3 Ne6 12. g3 g5 13. Nd5 Nd7 14. Bg4 c6 15. Ne3 Ndf8 16. Bf5 Qf6 17. Qh5 Ng7 18. Qh3 Qd6 19. Rad1 b6 20. f3 h5 21. Kh1 Ng6 22. Rg1 Kf8 23. Bxc8 Raxc8 24. Nf5 Qe6 25. Nd2 Ne7 26. g4 h4 27. f4 exf4 28. Nf3 f6 29. N3xh4 gxh4 30. Qxh4 Ng8 31. Qh8 Rc7 32. Rdf1 Nxf5 33. gxf5 Qf7 34. Rxf4 Qh7 35. Rxg8+ Qxg8 36. Qxf6+ Qf7 1/2-1/2

[Event "Collado Villalba op-A 34th"]
[Site "Collado Villalba"]
[Date "2017.08.25"]
[Round "4"]
[White "Rojas Pozo, Jose Luis"]
[Black "Aziz Ortego, Omar Luis"]
[Result "0-1"]
[WhiteElo "1957"]
[BlackElo "2069"]
[PlyCount "90"]
[EventDate "2017.08.22"]
[EventType "swiss"]
[EventRounds "9"]
[EventCountry "ESP"]
[SourceTitle "CBM 180 Extra"]
[Source "ChessBase"]
[SourceDate "2017.10.06"]
[SourceVersion "1"]
[SourceVersionDate "2017.10.06"]
[SourceQuality "1"]

1. c4 e5 2. Nc3 c5 3. g3 Nc6 4. Bg2 f5 5. d3 g6 6. e4 d6 7. Nge2 Nf6 8. 0-0 Bg7 9. Nd5 h6 10. a3 0-0 11. Rb1 Nd4 12. Nxd4 cxd4 13. f3 Nxd5 14. cxd5 Bd7 15. Bd2 Qb6 16. Be1 Rac8 17. Rf2 h5 18. Rc2 Bh6 19. Rxc8 Be3+ 20. Kh1 Rxc8 21. Bh3 Qc7 22. exf5 Bxf5 23. Bxf5 gxf5 24. f4 Qf7 25. Qf3 Rc2 26. fxe5 dxe5 27. d6 Kg7 28. h3 Kf6 29. g4 hxg4 30. Bh4+ Bg5 31. Bxg5+ Kxg5 32. Rg1 Rc1 33. hxg4 Qh7+ 34. Kg2 fxg4 35. Qg3 Rxg1+ 36. Kxg1 Kf5 37. Qg2 Ke6 38. d7 Qxd7 39. Qxg4+ Kd6 40. Qe4 Qf7 41. Qh4 Qg6+ 42. Kf2 Ke6 43. Ke2 Qg2+ 44. Kd1 Qf1+ 45. Kd2 Qf4+ 0-1

[Event "Collado Villalba op-A 34th"]
[Site "Collado Villalba"]
[Date "2017.08.23"]
[Round "2"]
[White "Valles Moreno, Ivan"]
[Black "Aziz Ortego, Omar Luis"]
[Result "1-0"]
[WhiteElo "2435"]
[BlackElo "2069"]
[PlyCount "99"]
[EventDate "2017.08.22"]
[EventType "swiss"]
[EventRounds "9"]
[EventCountry "ESP"]
[SourceTitle "CBM 180 Extra"]
[Source "ChessBase"]
[SourceDate "2017.10.06"]
[SourceVersion "1"]
[SourceVersionDate "2017.10.06"]
[SourceQuality "1"]

1. e4 g6 2. d4 Bg7 3. Be3 Nf6 4. f3 d6 5. c4 Nbd7 6. Nc3 e5 7. Nge2 0-0 8. Qd2 Re8 9. d5 a5 10. 0-0-0 b6 11. g4 Nc5 12. Ng3 a4 13. Kb1 a3 14. b3 Nfd7 15. h4 Bf6 16. g5 Bg7 17. h5 Nf8 18. Be2 Bd7 19. Rdg1 Qe7 20. Rg2 Reb8 21. Rgh2 Bh8 22. Nb5 Bc8 23. Bd1 Bg7 24. Bc2 Rb7 25. Rh4 Bd7 26. hxg6 fxg6 27. Nf5 Qf7 28. Nxg7 Qxg7 29. f4 Bxb5 30. cxb5 exf4 31. Bd4 Qe7 32. Rxf4 Ncd7 33. Bd3 Ne5 34. Bf1 Re8 35. Bh3 Rbb8 36. Rhf1 Ra8 37. Rf6 Ned7 38. Re6 Qd8 39. Qf4 Ne5 40. Bxe5 dxe5 41. Rxe5 Rxe5 42. Qxe5 Qe8 43. Rxf8+ Kxf8 44. Qh8+ Kf7 45. Qf6+ Kg8 46. Be6+ Qxe6 47. Qxe6+ Kf8 48. d6 cxd6 49. Qxd6+ Kg7 50. Qe5+ 1-0

[Event "Collado Villalba op-A 34th"]
[Site "Collado Villalba"]
[Date "2017.08.22"]
[Round "1"]
[White "Aziz Ortego, Omar Luis"]
[Black "Perez Cameselle, Francisco Jose"]
[Result "1-0"]
[WhiteElo "2069"]
[BlackElo "1789"]
[PlyCount "78"]
[EventDate "2017.08.22"]
[EventType "swiss"]
[EventRounds "9"]
[EventCountry "ESP"]
[SourceTitle "CBM 180 Extra"]
[Source "ChessBase"]
[SourceDate "2017.10.06"]
[SourceVersion "1"]
[SourceVersionDate "2017.10.06"]
[SourceQuality "1"]

1. c4 Nf6 2. Nc3 e6 3. d4 Bb4 4. Nf3 b6 5. Bg5 Bb7 6. e3 h6 7. Bf4 0-0 8. Bd3 d6 9. Qc2 Nbd7 10. 0-0 Bxc3 11. Qxc3 Ne4 12. Qc2 f5 13. Nd2 Nxd2 14. Qxd2 e5 15. Bg3 e4 16. Be2 a5 17. Rae1 Nf6 18. Bd1 Qe7 19. d5 Nd7 20. f4 Nc5 21. Be2 Bc8 22. Rc1 Bd7 23. Be1 g5 24. Qd1 g4 25. Bc3 Na4 26. Bd4 c5 27. dxc6 Bxc6 28. b3 Nc5 29. Bb2 Rad8 30. Qd4 Kh7 31. Rfd1 d5 32. Qc3 dxc4 33. Bxc4 Bb7 34. Rd4 Ba6 35. Bxa6 Nxa6 36. Rcd1 Rxd4 37. Rxd4 Nc5 38. Rd6 Nd3 39. Qc6 Qg7 1-0

[Event "Madrid Codes Memorial 11th"]
[Site "Madrid"]
[Date "2017.05.07"]
[Round "4"]
[White "Aziz Ortego, Omar Luis"]
[Black "Romero Fite, Miguel"]
[Result "0-1"]
[WhiteElo "2028"]
[BlackElo "1850"]
[PlyCount "114"]
[EventDate "2017.04.02"]
[EventType "swiss"]
[EventRounds "9"]
[EventCountry "ESP"]
[SourceTitle "EXT 2019"]
[Source "ChessBase"]
[SourceDate "2018.10.10"]
[SourceVersion "1"]
[SourceVersionDate "2018.10.10"]
[SourceQuality "1"]

1. e4 e6 2. d3 d5 3. Nd2 c5 4. f4 Nc6 5. Ngf3 Bd6 6. g3 Nge7 7. Bg2 0-0 8. 0-0 f6 9. a4 b6 10. Nh4 Bb7 11. f5 exf5 12. exd5 Nb4 13. c4 Nxd3 14. Nxf5 Nxf5 15. Rxf5 Be5 16. Qf1 Nxc1 17. Qxc1 Bd4+ 18. Kh1 Be3 19. Qc3 Bxd2 20. Qxd2 Re8 21. Rff1 Qd7 22. Rae1 Qxa4 23. d6 Bxg2+ 24. Qxg2 Rad8 25. Qd5+ Kh8 26. d7 Rxe1 27. Rxe1 h6 28. Qf7 Qxd7 29. Re7 Qd1+ 30. Kg2 Rd2+ 31. Kh3 Qf1+ 32. Kh4 Rd4+ 33. g4 Qf2+ 34. Kh5 Qxh2+ 35. Kg6 Rxg4+ 36. Kf5 Rg5+ 37. Ke6 Re5+ 38. Kd7 Rxe7+ 39. Qxe7 Qe5 40. Qf7 h5 41. Qd5 h4 42. Qf3 Qg5 43. b3 Kh7 44. Ke6 Kh6 45. Qa8 Qg4+ 46. Kf7 Qd7+ 47. Kf8 h3 48. Qe4 g5 49. Qf3 Qg7+ 50. Ke8 Qg6+ 51. Ke7 g4 52. Qg3 Qg5 53. Kf7 f5 54. Qb8 Qg7+ 55. Ke6 g3 56. Kxf5 Kh7 57. Qe8 g2 0-1

[Event "Collado Villalba Madrid CA 1st"]
[Site "Collado Villalba"]
[Date "2017.03.25"]
[Round "7"]
[White "Aziz Ortego, Omar Luis"]
[Black "Larino Nieto, David"]
[Result "0-1"]
[WhiteElo "2028"]
[BlackElo "2483"]
[PlyCount "82"]
[EventDate "2017.03.20"]
[EventType "tourn"]
[EventRounds "9"]
[EventCountry "ESP"]
[EventCategory "2"]
[SourceTitle "EXT 2018"]
[Source "ChessBase"]
[SourceDate "2017.10.13"]
[SourceVersion "1"]
[SourceVersionDate "2017.10.13"]
[SourceQuality "1"]

1. e4 e6 2. d3 c5 3. g3 d5 4. Nd2 Nc6 5. Bg2 Nge7 6. f4 h5 7. Ngf3 Ng6 8. h4 dxe4 9. dxe4 b5 10. Qe2 Qb6 11. e5 Ba6 12. Ne4 Rd8 13. Be3 Qa5+ 14. Kf2 Nd4 15. Nxd4 cxd4 16. Bd2 Qb6 17. Qe1 Rc8 18. Rc1 b4 19. Kg1 Be7 20. Kh2 Bc4 21. c3 bxc3 22. bxc3 d3 23. Rb1 Qa5 24. Qe3 f6 25. exf6 gxf6 26. Rb4 f5 27. Re1 Qxa2 28. Rb7 fxe4 29. Bxe4 Rg8 30. Kh3 Nf8 31. Bf3 Qa5 32. Qe4 Nd7 33. Qd4 Qf5+ 34. Kh2 e5 35. fxe5 Be6 36. Bg2 Bc5 37. Qa4 Qf2 38. Qf4 Rg4 39. Qxf2 Bxf2 40. Rf1 Bxg3+ 41. Kg1 Bxe5 0-1

[Event "Collado Villalba Madrid CA 1st"]
[Site "Collado Villalba"]
[Date "2017.03.21"]
[Round "2"]
[White "Plazuelo Pascual, Juan"]
[Black "Aziz Ortego, Omar Luis"]
[Result "1-0"]
[WhiteElo "2328"]
[BlackElo "2028"]
[PlyCount "85"]
[EventDate "2017.03.20"]
[EventType "tourn"]
[EventRounds "9"]
[EventCountry "ESP"]
[EventCategory "2"]
[SourceTitle "EXT 2018"]
[Source "ChessBase"]
[SourceDate "2017.10.13"]
[SourceVersion "1"]
[SourceVersionDate "2017.10.13"]
[SourceQuality "1"]

1. d4 Nf6 2. c4 e6 3. Nf3 d5 4. e3 Be7 5. b3 0-0 6. Bd3 c5 7. 0-0 cxd4 8. exd4 Nc6 9. Bb2 b6 10. Nbd2 Bb7 11. Rc1 Rc8 12. Qe2 Re8 13. Rfd1 Bf8 14. Nf1 Nb4 15. Bb1 Ne4 16. a3 Na6 17. b4 Nb8 18. c5 a6 19. N1d2 bxc5 20. dxc5 Nxd2 21. Qxd2 f6 22. h4 Nc6 23. a4 Nb8 24. Qd3 g6 25. h5 e5 26. Nh4 e4 27. Qg3 g5 28. Nf5 a5 29. Ba2 axb4 30. c6 Rxc6 31. Bxd5+ Qxd5 32. Rxd5 Rxc1+ 33. Bxc1 Bxd5 34. Bb2 Nd7 35. Qc7 Ne5 36. a5 b3 37. Qb6 Re6 38. Qb8 Kf7 39. Ne3 Nc4 40. Nxd5 Nxb2 41. Qxb3 Nd3 42. Nc7 Nc5 43. Qc4 1-0